Quiz do Brasil (O Básico) - Statistics

Estatísticas Gerais
  • Esse quiz foi jogado 114 vezes
  • A pontuação média é 10 de 12
Estatísticas das Respostas
Questão Resposta % Correto
Qual desses é o estado brasileiro com maior população? São Paulo
98%
Quem é considerado o pai da aviação brasileira? Alberto Santos-Dumont
97%
Qual é o maior estado brasileiro em área? Amazonas
96%
Qual desses estados NÃO faz parte da Região Norte? Goiás
96%
Onde fica o Maracanã? Rio de Janeiro
95%
Quantas regiões o Brasil tem oficialmente? 5
90%
O que significa a cor verde na bandeira do Brasil? Matas e Florestas
87%
Qual o nome completo do Brasil atualmente? República Federativa do Brasil
87%
Em que ano o Brasil declarou independência de Portugal? 1822
75%
Qual desses monumentos históricos NÃO fica no Nordeste? Centro Histórico de Paraty
70%
Qual estado brasileiro tem mais municípios? Minas Gerais
58%
Qual desses é um feriado nacional brasileiro? Todas as Alternativas
40%
Nenhum quiz correspondente encontrado
Distribuição das Pontuações
Porcentagem de Pessoas com Cada Pontuação
Percentil de Números Respondidos
Sua Pontuação Histórica
Você não jogou esse quiz